|
|
|
|
| LEADER |
00000nam a22000005a 4500 |
| 001 |
vtls001561689 |
| 003 |
SK-MaSNL |
| 005 |
20260331204242.0 |
| 008 |
050425s2005 xo r 000 0 slo |
| 015 |
|
|
|a SNBSAB2005-00034
|
| 020 |
|
|
|a 8085141817
|
| 040 |
|
|
|a SNK
|b slo
|c SNK
|e AACR2
|
| 072 |
|
7 |
|a 01
|x Bibliografia. Katalógy
|2 konspekt
|
| 080 |
|
|
|a 016:929:027.021(437.64)"1969/2004"
|2 snkbubb
|
| 080 |
|
|
|a 027.021
|2 snkbubb
|
| 080 |
|
|
|a a 929
|2 snkbubb
|
| 100 |
1 |
|
|a Madudová, Alžbeta,
|d 1961-
|4 com
|9 229657
|
| 245 |
1 |
0 |
|a Bibliografia regionálnych personálnych bibliografií
|c [ zostavila: Alžbeta Madudová ; zodp. red.: Klára Kislingerová]
|
| 250 |
|
|
|a [1. vyd.]
|
| 260 |
|
|
|a Kremnica
|b Knižnica Jána Kollára
|c 2005
|
| 300 |
|
|
|a 12 s.
|c 21 cm
|
| 504 |
|
|
|a Usporiadanie chronolog.-abec. 40 zázn. o pers. bibl. a bibliogr. letákoch v slov. Reg. men.
|
| 610 |
2 |
7 |
|a Knižnica Jána Kollára (Kremnica, Slovensko)
|2 snkbubb
|9 33568
|
| 655 |
|
7 |
|a samostatné bibliografie
|2 snkbubb
|9 300643
|
| 655 |
|
7 |
|a biografické údaje
|2 snkbubb
|9 289197
|
| 655 |
|
7 |
|a personálne bibliografie
|2 snkbubb
|9 70198
|
| 700 |
1 |
|
|a Kislingerová, Klára
|4 lso
|9 266756
|
| 710 |
2 |
|
|a Knižnica Jána Kollára (Kremnica, Slovensko)
|4 pbl
|9 33568
|
| 919 |
|
|
|a 80-85141-81-7
|
| 999 |
|
|
|c 905610
|d 907540
|
| 952 |
|
|
|a SNK
|b SNK
|y PREZ
|7 0
|p 17A0467545
|o snkOSC 22996
|i snk2005/6853
|8 0
|0 0
|1 0
|4 0
|d 2005-04-25
|l 0
|r 2026-02-24 07:27:23
|w 2026-02-24
|
| 952 |
|
|
|a SNK
|b SNK
|y VYP
|7 0
|p 17A0467546
|o snkOSC 22996 D1
|i snk2005/6854
|8 0
|0 0
|1 0
|4 0
|d 2005-04-25
|l 0
|r 2026-02-24 07:27:23
|w 2026-02-24
|